Klasifikácia podnikov ťažobného priemyslu na základe implementácie Industry 4.0
Technologický pokrok spojený so štvrtou priemyselnou revolúciou spôsobuje rušivé zmeny, ktoré sa prejavujú na národnej, priemyselnej a podnikovej úrovni. Stratégia Industry 4.0 je hybnou silou štvrtej priemyselnej revolúcie, vyvíja sa exponenciálnym tempom a jej prijatie je nevyhnutné pre prežitie a...
Salvato in:
| Autore principale: | |
|---|---|
| Altri autori: | |
| Natura: | Capitolo di libro |
| Lingua: | slovacco |
| Soggetti: | |
| Tags: |
Nessun Tag, puoi essere il primo ad aggiungerne!!
|
MARC
| LEADER | 00000naa a2200000 4500 | ||
|---|---|---|---|
| 001 | 0290933 | ||
| 005 | 20240521095206.0 | ||
| 041 | 0 | |a slo | |
| 044 | |a SK | ||
| 245 | 1 | 0 | |a Klasifikácia podnikov ťažobného priemyslu na základe implementácie Industry 4.0 |c Patrik Richnák, Šárka Čemerková |
| 520 | |a Technologický pokrok spojený so štvrtou priemyselnou revolúciou spôsobuje rušivé zmeny, ktoré sa prejavujú na národnej, priemyselnej a podnikovej úrovni. Stratégia Industry 4.0 je hybnou silou štvrtej priemyselnej revolúcie, vyvíja sa exponenciálnym tempom a jej prijatie je nevyhnutné pre prežitie a konkurencieschopnosť podniku. Viditeľný pokrok vo využívaní technológií, systémov a procesov Industry 4.0 v zahraničí, o čom svedčia mnohé štúdie a výskumy, ktoré sa uskutočnili. V podmienkach podnikov na Slovensku je táto problematika stále neprebádaná. Z tohto dôvodu sa uskutočnil kvantitatívny výskum medzi podnikmi v baníckom priemysle, kde bolo zaradených 35 podnikov na základe implementácie Industry 4.0. Zámerom príspevku bolo určiť a vysvetliť koncepčný aparát, ktorý identifikuje Industry 4.0 na základe literárneho výskumu a zároveň prostredníctvom deskriptívnej štatistiky klasifikovať podniky banského priemyslu na Slovensku na základe výsledkov výskumu, ktorý anatomizuje aktuálny stav využívania Industry 4.0. | ||
| 610 | 2 | 0 | |a transformácia digitálna |
| 610 | 2 | 0 | |a pokrok technologický |
| 610 | 2 | 0 | |a priemysel 4.0 |
| 610 | 2 | 0 | |a revolúcia priemyselná |
| 610 | 2 | 0 | |a priemysel ťažobný |
| 610 | 2 | 0 | |a baníctvo |
| 610 | 2 | 0 | |a Slovensko |
| 100 | 1 | |a Richnák, Patrik, 1988- | |
| 700 | 1 | |a Čemerková, Šárka | |